| 000 | nam a22 a 4500 | ||
|---|---|---|---|
| 999 |
_c1480 _d1480 |
||
| 003 | AKMAL | ||
| 005 | 20170509160509.0 | ||
| 008 | 170509s1998 my 00 eng d | ||
| 020 |
_a983203213X: _cRM 90.00 |
||
| 040 | _aAKMAL | ||
| 082 | 0 | 4 | _a305.6971051 BAO |
| 090 | 0 | 0 |
_a305.6971051 _bBAO |
| 100 | 1 |
_aYusuf, Liu Baojun, _d1963- _92930 |
|
| 245 | 1 | 2 |
_aA glance at Chinese Muslims : _ban introductive book / _cHaji Yusuf Liu Baojun |
| 260 |
_aKuala Lumpur : _bMalaysian Encyclopedia Research Center, _c1998 |
||
| 300 | 0 | 0 |
_a[vii, 113]p. : _bcol. ill., 3 maps : 2 col. (1 folded) ; _c26cm |
| 500 | _aAlso published in Malay | ||
| 650 | 0 |
_aMuslims _zChina _92931 |
|
| 650 | 0 |
_aMuslims _xConduct of life _zChina _92932 |
|
| 650 | 0 |
_aMuslims _xSocial life and customs _zChina _92933 |
|
| 942 |
_2ddc _cBOOK |
||